| 000 | 02568nam0a2200397 i 4500 | ||
|---|---|---|---|
| 001 | RU\NLR\BIBL_A\010356251 | ||
| 005 | 20260407091046.0 | ||
| 010 |
_a9785875559471 _91000 |
||
| 021 |
_aRU _b2014-17663 _91112 |
||
| 035 | _a(NILC)RuMoRGB-006761127 | ||
| 035 | _a(NLR Aleph) 010356251 | ||
| 090 |
_a10763685 _c10763685 |
||
| 100 | _a20140514d2013 km y0rusy50 ca | ||
| 101 | 0 | _arus | |
| 102 | _aRU | ||
| 105 | _ay|||z||||01iy | ||
| 200 | 1 |
_aЯрославский край в Первой мировой войне _eсборник статей для учителей истории школ города Ярославля [ по итогам Учебно-методического семинара _fредкол.: В. М. Марасанова, д. ист. н. (науч. ред.), Д. Е. Озерова, к. ист. н.] |
|
| 210 |
_aЯрославль _cИзд-во ЯГПУ _d2013 |
||
| 215 |
_a89 с. _d21 |
||
| 300 | _aВ надзаг.: М-во образования и науки Рос. Федерации, ФГБОУ ВПО "Яросл. гос. пед. ун-т им. К. Д. Ушинского, МУК "Музей истории г. Ярославля", Деп. образования мэрии г. Ярославля | ||
| 320 | _aБиблиогр. в конце ст. | ||
| 606 |
_aПервая мировая война _jСборники _xИзучение в школе _z1914 - 1918 _91716567 _3RU\NLR\AUTH\66765652 |
||
| 607 |
_aЯрославская губерния _jСборники _xИстория _xИзучение в школе _z1914 - 1918 _92221376 _3RU\NLR\AUTH\6601566987 |
||
| 675 | _a908(470.316)(082) | ||
| 686 | 1 | _aЧ426.35я43 | |
| 686 | 1 | _aЧ426.32я43 | |
| 702 | 1 |
_4340 _7ca _8rus _aМарасанова _bВ. М. _gВиктория Михайловна _948997 _3RU\NLR\AUTH\7766068 |
|
| 711 | 1 | 2 |
_aУчебно-методический семинар для учителей истории школ города Ярославля на тему "Ярославский край в Первой мировой войне" _f2013 _9402097 _3RU\NLR\AUTH\880367720 |
| 712 | 0 | 2 |
_4570 _aЯрославский государственный педагогический университет им. К. Д. Ушинского _9304213 _3RU\NLR\AUTH\8815514 |
| 801 | 0 |
_aRU _bRuMoRKP _c20140311 _gRCR |
|
| 801 | 2 |
_aRU _bРГБ _c20140425 _grcr |
|
| 942 | _cBOOK | ||
| 980 | _aNBR | ||